Anar al contingut

Структура дизайн-проектирования коллекции одежды учебное пособие

Освещены общие вопросы последовательности и методика выполнения ди-зайн-проектирования коллекции моделей одежды, выделены основные рекомен-дации и положения в соответствии с требованиями действующей нормативной базы (ГОСТ). Предназначено для бакалавров очной и заочной форм обучения направлений подго...

Descripció completa

Guardat en:
Dades bibliogràfiques
Autor principal: Кумпан Е. В.
Altres autors: Залялютдинова Г. Р.
Format: Книга
Idioma:Russian
Publicat: Казань КНИТУ 2022
Matèries:
Accés en línia:https://e.lanbook.com/book/412331
https://e.lanbook.com/img/cover/book/412331.jpg
Etiquetes: Afegir etiqueta
Sense etiquetes, Sigues el primer a etiquetar aquest registre!
LEADER 02247nam0a2200385 i 4500
001 412331
003 RuSpLAN
005 20240527130019.0
008 240527s2022 ru gs 000 0 rus
020 |a 978-5-7882-3207-2 
040 |a RuSpLAN 
041 0 |a rus 
044 |a ru 
080 |a 687.1.016(075) 
084 |a 37.24я7  |2 rubbk 
245 0 0 |a Структура дизайн-проектирования коллекции одежды  |b учебное пособие  |c Кумпан Е. В.,Залялютдинова Г. Р. 
260 |a Казань  |b КНИТУ  |c 2022 
300 |a 84 с. 
504 |a Библиогр.: доступна в карточке книги, на сайте ЭБС Лань 
520 8 |a Освещены общие вопросы последовательности и методика выполнения ди-зайн-проектирования коллекции моделей одежды, выделены основные рекомен-дации и положения в соответствии с требованиями действующей нормативной базы (ГОСТ). Предназначено для бакалавров очной и заочной форм обучения направлений подготовки 54.03.01 «Дизайн» и 53.03.03 «Искусство костюма и текстиля». Подготовлено на кафедре дизайна. 
521 8 |a Книга из коллекции КНИТУ - Технологии легкой промышленности 
521 8 |a СЭБ 
653 0 |a конструирование одежды 
653 0 |a одежда 
653 0 |a костюмы 
653 0 |a швейная промышленность 
653 0 |a легкая промышленность 
653 0 |a художественное конструирование 
653 0 |a дизайн 
653 0 |a моделирование одежды 
100 1 |a Кумпан Е. В. 
700 1 |a Залялютдинова Г. Р. 
856 4 |u https://e.lanbook.com/book/412331 
856 4 8 |u https://e.lanbook.com/img/cover/book/412331.jpg 
953 |a https://e.lanbook.com/img/cover/book/412331.jpg